Normal view
MARC view
- Syed Agha Ali Zulqarnain Abdul Rafi Abid Ali Zain Ul Abideen
Entry Personal Name
001 - CONTROL NUMBER
- control field: 97768
003 - CONTROL NUMBER IDENTIFIER
- control field: NUST
005 - DATE AND TIME OF LATEST TRANSACTION
- control field: 20220817123659.0
008 - FIXED-LENGTH DATA ELEMENTS
- fixed length control field: 220817|| aca||aabn | a|a d
040 ## - CATALOGING SOURCE
- Original cataloging agency: NUST
- Transcribing agency: NUST
100 ## - HEADING--PERSONAL NAME
- Personal name: Syed Agha Ali Zulqarnain Abdul Rafi Abid Ali Zain Ul Abideen
670 ## - SOURCE DATA FOUND
- Source citation: Work cat.: (NUST): Syed Agha Ali Zulqarnain Abdul Rafi Abid Ali Zain Ul Abideen , PR-SOF-2114-Cloud Based Vehicle Tracking System, 2022.
